La droga sin tapujos

Αποθηκεύτηκε σε:
Λεπτομέρειες βιβλιογραφικής εγγραφής
Κύριοι συγγραφείς: Valleur, Marc (Συγγραφέας), Debourg, Alain (Συγγραφέας), Matysiak, Jean Claude (Συγγραφέας)
Μορφή: Βιβλίο
Γλώσσα:Ισπανικά
Έκδοση: Santander Sal Terrae 1988
Σειρά:Colección Proyecto, 26
Θέματα:
Ετικέτες: Προσθήκη ετικέτας
Δεν υπάρχουν, Καταχωρήστε ετικέτα πρώτοι!

MARC

LEADER 00000nam a2200000 a 4500
001 UCR6057
003 CL-VaPUC
008 980420e19880000SP |||||||||||||||||spa|d
082 0 4 |a 362.29  |b VAL  |2 21 
100 0 |a Valleur, Marc  |e author  |9 407132 
700 0 |a Debourg, Alain  |e author  |9 407133 
700 0 |a Matysiak, Jean Claude  |e author  |9 407134 
245 1 3 |a La droga sin tapujos 
300 |a 165 p 
942 |c BK 
945 |d 19980420 00:00:00  |a rleighto 
260 |a Santander  |b Sal Terrae  |c 1988 
650 0 |a Drogas  |9 254877 
650 0 |a Adicción a las drogas  |9 254875 
650 7 |a TOXICOMANIA  |2 CL-VaPUC  |9 307600 
650 0 |a Aspectos psicológicos  |9 258128 
650 7 |a OPIO  |2 CL-VaPUC  |9 381277 
650 0 |a Alcohol  |9 406704 
650 0 |a Aspectos sociales  |9 254894 
583 |a last modification  |c 20170406 03:14:48  |k Rodrigo Vera 
490 0 |a Colección Proyecto, 26 
999 |c 268368  |d 268366 
952 |0 0  |1 0  |4 0  |6 362_290000000000000_VAL_1988  |7 0  |8 A  |9 301463  |a BIBTEO  |b BIBTEO  |d 2019-11-20  |i 3416356  |o 362.29 VAL 1988  |p 3416356  |r 2025-01-17  |w 2019-11-20  |y BK  |k ICR 
952 |0 0  |1 0  |4 0  |6 362_290000000000000_VAL_1988  |7 0  |8 A  |9 301464  |a BIBTEO  |b BIBTEO  |d 2019-11-20  |i 3416364  |o 362.29 VAL 1988  |p 3416364  |r 2025-01-17  |w 2019-11-20  |y BK  |k ICR 
952 |0 0  |1 2  |4 0  |6 362_290000000000000_VAL_1988  |7 0  |8 A  |9 301465  |a BIBTEO  |b BIBTEO  |d 2019-11-20  |i 3416372  |o 362.29 VAL 1988  |p 3416372  |r 2019-11-20  |w 2019-11-20  |x Descarte 2019  |y BK  |k ICR 
952 |0 0  |1 0  |4 0  |6 362_290000000000000_VAL_1988  |7 0  |8 A  |9 301466  |a BIBTEO  |b BIBTEO  |d 2019-11-20  |i 3416380  |o 362.29 VAL 1988  |p 3416380  |r 2025-01-17  |w 2019-11-20  |y BK  |k ICR